<?xml version="1.0" encoding="UTF-8"?>
<collection xmlns:xsi="http://www.w3.org/2001/XMLSchema-instance" xsi:schemaLocation="http://www.loc.gov/MARC21/slim http://www.loc.gov/standards/marcxml/schema/MARC21slim.xsd" xmlns="http://www.loc.gov/MARC21/slim">
 <record>
  <leader>00000cam a22000004a 4500</leader>
  <controlfield tag="001">UP-99796217610537858</controlfield>
  <controlfield tag="003">Buklod</controlfield>
  <controlfield tag="005">20121113141110.0</controlfield>
  <controlfield tag="006">m    |o  d |      </controlfield>
  <controlfield tag="007">ta</controlfield>
  <controlfield tag="008">110121s2011    maua    rb   |001 0|eng d</controlfield>
  <datafield tag="020" ind1=" " ind2=" ">
   <subfield code="a">9780240814483</subfield>
  </datafield>
  <datafield tag="035" ind1=" " ind2=" ">
   <subfield code="a">(iLib)UPD-00191509365</subfield>
  </datafield>
  <datafield tag="040" ind1=" " ind2=" ">
   <subfield code="a">DLC</subfield>
   <subfield code="d">DMC</subfield>
  </datafield>
  <datafield tag="041" ind1=" " ind2=" ">
   <subfield code="a">eng</subfield>
  </datafield>
  <datafield tag="042" ind1=" " ind2=" ">
   <subfield code="a">DMLUC</subfield>
  </datafield>
  <datafield tag="090" ind1=" " ind2=" ">
   <subfield code="a">TK 7895 M4</subfield>
   <subfield code="b">P38 2011</subfield>
  </datafield>
  <datafield tag="100" ind1="1" ind2=" ">
   <subfield code="a">Paulsen, Karl</subfield>
   <subfield code="d">1952-</subfield>
  </datafield>
  <datafield tag="245" ind1="1" ind2="0">
   <subfield code="a">Moving media storage technologies</subfield>
   <subfield code="b">applications &amp; workflows for video and media server platforms</subfield>
   <subfield code="c">Karl Paulsen.</subfield>
  </datafield>
  <datafield tag="264" ind1=" " ind2="1">
   <subfield code="a">Amsterdam</subfield>
   <subfield code="b">Focal Press/Elsevier</subfield>
   <subfield code="c">c2011.</subfield>
  </datafield>
  <datafield tag="300" ind1=" " ind2=" ">
   <subfield code="a">xxi, 637 p.</subfield>
   <subfield code="b">ill.</subfield>
  </datafield>
  <datafield tag="505" ind1="0" ind2=" ">
   <subfield code="a">Machine generated contents note: Digital Media Recording and Storage Technologies ; Digital Disk Recorders - DDR; Non Linear Editing - NLE; Video Server Systems; Media Server Components and Disk Based Architectures; Storage Arrays; Storage Networking; Optical Based Storage Platforms; Bridging the IP and IT Worlds with the Video/Media World; Encoders and Decoders; Compression formats, bit rates and services ; Performance - Bandwidth, Stripping and Throughput ; Clustering; High Performance Storage Systems; File Transfer Protocols (FTP); Formats, Conversion and; Interchange and Exchange Formats; Scalability, Extensibility, Interoperability; Storage Management; Archives, Backup and Libraries; Applications of Video Server Technologies; Video on Demand; Digital Cinema Servers; Media Asset Management - Digital Asset Management; Workflow and Content Delivery Networks; Storage Virtualization; Multifunction Media Servers for Broadcast; Disaster Prevention; Upgrades, Updates and Forklifts.</subfield>
  </datafield>
  <datafield tag="650" ind1=" " ind2="0">
   <subfield code="a">Computer storage devices.</subfield>
  </datafield>
  <datafield tag="650" ind1=" " ind2="0">
   <subfield code="a">Multimedia systems.</subfield>
  </datafield>
  <datafield tag="650" ind1=" " ind2="0">
   <subfield code="a">Digital video.</subfield>
  </datafield>
  <datafield tag="905" ind1=" " ind2=" ">
   <subfield code="a">FO</subfield>
  </datafield>
  <datafield tag="950" ind1=" " ind2=" ">
   <subfield code="a">Monograph</subfield>
  </datafield>
  <datafield tag="852" ind1="0" ind2=" ">
   <subfield code="a">UPD</subfield>
   <subfield code="b">DCAL</subfield>
   <subfield code="h">TK 7895 M4</subfield>
   <subfield code="i">P38 2011</subfield>
  </datafield>
  <datafield tag="852" ind1="0" ind2=" ">
   <subfield code="a">UPD</subfield>
   <subfield code="b">DMC</subfield>
   <subfield code="h">TK 7895 M4</subfield>
   <subfield code="i">P38 2011</subfield>
  </datafield>
  <datafield tag="942" ind1=" " ind2=" ">
   <subfield code="a">Book</subfield>
  </datafield>
 </record>
</collection>
